| 000 | 01483cam a2200361Ia 4500 | ||
|---|---|---|---|
| 001 | 99376 | ||
| 005 | 20230410130544.0 | ||
| 008 | 090820s2008 sp a b 000 0 spa d | ||
| 035 | _a(OCoLC)ocn432050134 | ||
| 040 |
_aCUY _beng _cCUY |
||
| 020 | _a9788423426850 | ||
| 020 | _a8423426858 | ||
| 035 | _a(OCoLC)432050134 | ||
| 043 | _ae-sp--- | ||
| 049 | _aGRAL | ||
| 050 | 1 | 4 |
_aPN 1992.3 _bT269t 2008 |
| 082 | 0 | 0 | _a384.55 |
| 245 | 0 | 3 |
_aLa television en España : _binforme 2008 / _c[con la participacion de: Juan Pablo Artero ... [et al.]. |
| 260 |
_aBarcelona, Espana : _bEdiciones Deusto, _c2008. |
||
| 300 |
_a309 p. : _bill. ; _c24 cm. |
||
| 504 | _aIncluye bibliografía e índice. (p. 308-309). | ||
| 505 | _aAnálisis y evolución del mercado de la televisión, p.19 -- Análisi y evolucion de la demanda de televisión, p.37 -- El mercado publicitario y la televisión, p.59 -- Los contenidos de la cadenas, p.81 -- La regulación de la televisión en 2008, p.125 -- Aspecto económicos, p.175 -- La eficacia de formatos publicitarios en televisión, p.215 -- Artículos, p.235 | ||
| 650 | 0 |
_aTelevision broadcasting _zSpain. |
|
| 650 | 0 |
_aPublic television _zSpain. |
|
| 650 | 4 |
_aTelevisión _zEspaña _y2008-. |
|
| 650 | 4 |
_aTelevisión _xAspectos sociales _zEspaña _y2008-. |
|
| 650 | 4 |
_aTelevisión _zEspaña _y2008-. _vInformes. |
|
| 700 | 1 | _aArtero Munoz, Juan Pablo. | |
| 936 | _aPR 301550484 | ||
| 942 |
_2lcc _cbk |
||
| 994 |
_aC0 _bDRFGD |
||
| 946 | _anc | ||
| 999 |
_c76058 _d76058 |
||